[Event "Revanche"]
[Site "http://www.queenalice.com/game.php?id=125494"]
[Date "2006.11.5"]
[Round "-"]
[White "marcosbratz"]
[Black "occult"]
[Result "0-1"]
[WhiteElo "1484"]
[BlackElo "1567"]

1. e4 e5 2. Nf3 d6 3. Bc4 c6 4. a4 Nf6 5. Nc3 d5 6. exd5 cxd5 7. Ba2 Be6 8. Nxe5
Bd6 9. d4 Nc6 10. O-O Bxe5 11. dxe5 Nxe5 12. Bg5 O-O 13. Re1 Nc6 14. Nxd5 h6 15.
Bxf6 gxf6 16. Nxf6+ Qxf6 17. Bxe6 fxe6 18. f3 Rad8 19. Qe2 Rfe8 20. Qc4 Rc8 21.
Qg4+ Kh7 22. c3 Qg5 23. Qe4+ Qg6 24. Qe3 a6 25. Qb6 Qg7 26. Rad1 e5 27. Rd5 Qc7
28. Qe3 Qf7 29. Qe4+ Qg6 30. Rd7+ Re7 31. Red1 Qxe4 32. fxe4 Re8 33. g4 Nb8 34.
Rxb7 Rxb7 35. b4 Nc6 36. Rd6 Nb8 37. Kg2 Rd7 38. Rf6 Rd3 39. Rf7+ Kg6 40. Rc7
Re3 41. h3 Rxe4 42. Kf3 Re1 43. b5 Rf8+ 44. Kg3 axb5 45. axb5 Rf7 46. Rc8 Rb7
47. Rg8+ Kh7 48. Rf8 Rxb5 49. Rf7+ Kg6 50. Rf5 Rc5 51. Rf3 e4 52. Rf4 Rxc3+ 53.
Kh4 e3 54. Re4 Rc2 55. Re6+ Kg7 56. Kh5 Rc5+ 57. Kh4 Nc6 0-1

[Event "Challenge"]
[Site "http://www.queenalice.com/game.php?id=127005"]
[Date "2006.11.8"]
[Round "-"]
[White "rbaraldi"]
[Black "occult"]
[Result "1-0"]
[WhiteElo "1538"]
[BlackElo "1569"]

1. e4 e5 2. Nf3 d6 3. Bc4 h6 4. d3 Nf6 5. b4 a6 6. a4 Bd7 7. a5 b6 8. axb6 cxb6
9. Nc3 b5 10. Bd5 Bc6 11. Bxc6+ Nxc6 12. Nd5 Nxd5 13. exd5 1-0

[Event "Challenge"]
[Site "http://www.queenalice.com/game.php?id=128465"]
[Date "2006.11.12"]
[Round "-"]
[White "occult"]
[Black "emredost"]
[Result "0-1"]
[WhiteElo "1524"]
[BlackElo "1951"]

1. e4 c5 2. Nf3 d6 3. d4 cxd4 4. Nxd4 g6 5. Be3 Bg7 6. c3 Nc6 7. Bb5 Bd7 8. O-O
a6 9. Nxc6 bxc6 10. Ba4 Nf6 11. Nd2 O-O 12. b4 a5 13. a3 axb4 14. cxb4 Nxe4 15.
Rb1 Nc3 16. Qc2 Nxa4 17. Ne4 Bf5 18. f3 d5 19. g4 dxe4 20. gxf5 exf3 21. Rxf3
Nc3 22. Re1 Rxa3 23. Kf1 Ra2 24. Qb3 Qd5 25. Qxd5 Nxd5 0-1

[Event "Let's Play Chess!"]
[Site "http://www.queenalice.com/game.php?id=129247"]
[Date "2006.11.14"]
[Round "-"]
[White "savage4731"]
[Black "occult"]
[Result "1-0"]
[WhiteElo "1680"]
[BlackElo "1552"]

1. e4 e5 2. Nf3 Nc6 3. Bc4 h6 4. d4 exd4 5. Nxd4 Nxd4 6. Qxd4 d6 7. O-O c5 8.
Qe3 Be7 9. e5 dxe5 10. Nc3 Nf6 11. Qxe5 O-O 12. Be3 Qd6 13. Qg3 Qxg3 14. fxg3
Rd8 15. g4 Bxg4 16. h3 Be6 17. Bxe6 fxe6 18. Rad1 a6 19. Na4 Rxd1 20. Rxd1 Ne4
21. Nb6 Rd8 22. Rxd8+ Bxd8 23. Nd7 Kf7 24. Nxc5 Nxc5 25. Bxc5 b6 26. Bd4 b5 27.
Kf2 Bc7 28. g4 g5 29. Kf3 e5 30. Be3 Kf6 31. Ke4 Ke6 32. b3 Ba5 33. Bc5 Bc7 34.
Bf8 Kf6 35. Bxh6 Bd6 36. Kd5 Bc7 37. Bf8 Bb8 38. Bc5 Bc7 39. Ke4 Ke6 40. Be3 Bd8
41. Bd2 Bc7 42. Bxg5 Kf7 43. Bh4 Kg6 44. Bg3 Kf6 45. h4 a5 46. g5+ 1-0

[Event "Let's Play Chess!"]
[Site "http://www.queenalice.com/game.php?id=129250"]
[Date "2006.11.14"]
[Round "-"]
[White "occult"]
[Black "savage4731"]
[Result "0-1"]
[WhiteElo "1559"]
[BlackElo "1764"]

1. e4 e5 2. Nf3 Nc6 3. d4 exd4 4. Nxd4 Bc5 5. Be3 Qf6 6. c3 Nge7 7. Qd2 O-O 8.
b4 Bb6 9. a4 a6 10. Nxc6 dxc6 11. Bxb6 cxb6 12. Qc2 Re8 13. Bd3 Nd5 14. O-O Nf4
15. Nd2 Qg5 16. g3 Bh3 17. Rfe1 Nxd3 18. Qxd3 Rad8 19. Qe3 Qf6 20. Nf3 b5 21. e5
Qf5 22. Qe4 bxa4 23. Qxf5 Bxf5 24. Nd4 Bg4 25. Kg2 Rd5 26. f4 Bd7 27. Red1 b5
28. Nc2 Rxd1 29. Rxd1 Bf5 30. Na3 Be6 31. Rd2 Bd5+ 32. Kf2 Re6 33. Ke3 f6 34.
Kd4 fxe5+ 35. fxe5 Kf7 36. Rf2+ Kg8 37. Re2 Rg6 38. Kd3 Kf7 39. Re3 Rh6 40. h4
Ke6 41. Nc2 Rh5 42. Kd4 Rf5 43. Re1 Rf3 44. Re3 Rxe3 45. Nxe3 a3 46. Nc2 a2 47.
g4 Bb3 48. Na1 Bc4 49. Nc2 g6 50. Ke4 h5 51. g5 Bd5+ 52. Kf4 Kf7 53. Ke3 Be6 54.
Kd4 Bf5 55. Na1 Ke6 56. Nb3 Bc2 57. Na1 Bd1 58. Ke4 c5 59. bxc5 a5 60. Kd4 b4
61. cxb4 axb4 62. c6 b3 63. c7 Kd7 64. Kc3 Kxc7 0-1

[Event "Challenge"]
[Site "http://www.queenalice.com/game.php?id=129251"]
[Date "2006.11.14"]
[Round "-"]
[White "savage4731"]
[Black "occult"]
[Result "1-0"]
[WhiteElo "1640"]
[BlackElo "1580"]

1. e4 c5 2. Nc3 e6 3. f4 Nc6 4. Nf3 d5 5. Bb5 Bd7 6. O-O a6 7. Bxc6 Bxc6 8. exd5
exd5 9. Re1+ Be7 10. d4 Nf6 11. Qe2 O-O 12. Qxe7 Qxe7 13. Rxe7 cxd4 14. Nxd4
Rfe8 15. Nxc6 bxc6 16. Rxe8+ Rxe8 17. Bd2 Nd7 18. Re1 Rxe1+ 19. Bxe1 Nf6 20. h3
Kf8 21. Bh4 Nh5 22. Ne2 f6 23. g4 g5 24. Bxg5 fxg5 25. gxh5 gxf4 26. Nxf4 Kf7
27. Kf2 Kf6 28. Kf3 Ke5 29. Nd3+ Kd6 30. Kf4 a5 31. Kf5 Ke7 32. Nc5 Kf7 33. a4
Kg7 34. Nb3 Kh6 35. Nxa5 c5 36. Ke5 Kxh5 37. Kxd5 Kh4 38. Kxc5 h5 39. Nc4 Kxh3
40. Ne3 Kg3 41. a5 1-0

[Event "Let's Play Chess!"]
[Site "http://www.queenalice.com/game.php?id=129255"]
[Date "2006.11.14"]
[Round "-"]
[White "occult"]
[Black "jovy1097"]
[Result "1/2-1/2"]
[WhiteElo "1563"]
[BlackElo "1660"]

1. e4 c6 2. d4 d5 3. Nc3 dxe4 4. Nxe4 Bf5 5. Nc3 Nf6 6. Nf3 Nbd7 7. Be2 c5 8. d5
Nb6 9. O-O Nbxd5 10. Bb5+ Bd7 11. Bxd7+ Qxd7 12. Nxd5 Nxd5 13. c4 Nf6 14. Be3 e6
15. Qxd7+ Nxd7 16. Rfd1 Rd8 17. b3 Be7 18. h3 O-O 19. Rab1 b6 20. Bg5 f6 21. Be3
h6 22. Kh1 e5 23. Ne1 f5 24. f3 f4 25. Bf2 Nf6 26. Nd3 e4 27. Nxf4 Kf7 28. Re1
exf3 29. gxf3 g5 30. Ne6 Rd2 31. Nxf8 Rxf2 32. Ne6 Rxf3 33. Kg2 Rd3 34. Nc7 Rd2+
35. Kf1 Rxa2 36. Re2 Rxe2 37. Kxe2 Bd6 38. Nb5 Bb8 39. Rf1 a6 40. Nc3 Be5 41.
Nd5 b5 42. cxb5 axb5 43. Kd3 Ke6 44. Ne3 Bf4 45. Nc2 Kd5 46. Ne3+ Ke5 47. Nc2
Kd5 48. Na3 b4 49. Nc4 Nh5 50. Nb6+ Kc6 1/2-1/2

[Event "Let's Play Chess!"]
[Site "http://www.queenalice.com/game.php?id=129256"]
[Date "2006.11.14"]
[Round "-"]
[White "jovy1097"]
[Black "occult"]
[Result "1-0"]
[WhiteElo "1681"]
[BlackElo "1535"]

1. c4 e5 2. g3 Nf6 3. Bg2 d5 4. cxd5 Nxd5 5. Nf3 Nc6 6. O-O Bg4 7. d4 Bxf3 8.
Bxf3 exd4 9. Bxd5 Qxd5 10. e3 Bc5 11. Nc3 Qd6 12. Ne4 Qe5 13. exd4 Qxd4 14. Nxc5
Qxc5 15. Re1+ Ne7 16. Bf4 Rd8 17. Qa4+ c6 18. Be3 Qb5 19. Qe4 a6 20. Bb6 Rd7 21.
Rad1 Rxd1 22. Qxe7# 1-0

[Event "Let's Play Chess!"]
[Site "http://www.queenalice.com/game.php?id=129258"]
[Date "2006.11.14"]
[Round "-"]
[White "Alaune"]
[Black "occult"]
[Result "1-0"]
[WhiteElo "1536"]
[BlackElo "1524"]

1. e4 e5 2. Nf3 d6 3. Bc4 h6 4. d3 Nf6 5. Nc3 Bg4 6. h3 Bxf3 7. Qxf3 Nc6 8. Be3
Be7 9. Qg3 Rg8 10. a3 Nh5 11. Qf3 Nf6 12. b4 a6 13. Nd5 b5 14. Bb3 Na7 15. Nxf6+
Bxf6 16. Qh5 Qe7 17. O-O Bg5 18. Bxg5 Qxg5 19. Qxf7+ Kd8 20. Qxg8+ Ke7 21. Qxa8
Nc6 22. Qxc6 Kd8 23. Qa8+ Kd7 24. a4 Qd8 25. Qxa6 bxa4 26. Rxa4 Ke7 27. Qc4 1-0

[Event "Challenge"]
[Site "http://www.queenalice.com/game.php?id=137179"]
[Date "2006.12.5"]
[Round "-"]
[White "outofnothing"]
[Black "occult"]
[Result "0-1"]
[WhiteElo "1588"]
[BlackElo "1541"]

1. d4 d5 2. c4 c6 3. Nf3 Nf6 4. Nc3 Bf5 5. e3 Ne4 6. Bd3 e6 7. Qb3 Qd7 8. Ne5
Qc7 9. f3 Nf6 10. Bxf5 exf5 11. Bd2 Bd6 12. f4 Nbd7 13. O-O O-O 14. Rac1 dxc4
15. Qxc4 Be7 16. h3 Nb6 17. Qb3 Bd6 18. Nb5 Qe7 19. Nxd6 Qxd6 20. Bb4 Qd8 21.
Bxf8 Qxf8 22. a4 Rb8 23. a5 Nbd5 24. g4 fxg4 25. hxg4 Ne4 26. Rc2 Qe7 27. Rf3 f6
28. Nd3 Qd7 29. f5 Ng5 30. Rg3 b5 31. Nf2 a6 32. e4 Nxe4 33. Nxe4 Kf8 34. Nc5
Qc8 35. Re2 Kg8 36. Re7 Kh8 37. Ra7 Ra8 38. Rf7 Kg8 0-1

[Event "Challenge"]
[Site "http://www.queenalice.com/game.php?id=141386"]
[Date "2006.12.14"]
[Round "-"]
[White "occult"]
[Black "Teltz"]
[Result "0-1"]
[WhiteElo "1520"]
[BlackElo "1697"]

1. e4 d6 2. d4 e6 3. Nf3 h6 4. Nc3 a6 5. Be3 Nd7 6. Bd3 c6 7. O-O Nb6 8. e5 d5
9. a3 Be7 10. Ne2 Qc7 11. c3 Bd7 12. b4 Qd8 13. a4 Nc8 14. a5 Na7 15. Qb3 Nb5
16. Bxb5 cxb5 17. Rfd1 Bh4 18. Bf4 Bc6 19. g3 Be7 20. Qc2 Bg5 21. Bxg5 hxg5 22.
Kf1 Qe7 23. Qc1 f6 24. Qe3 Nh6 25. Qd3 O-O-O 26. Neg1 f5 27. Qd2 Nf7 28. Qe3 g4
29. Nh4 Rh6 30. h3 g5 31. Nxf5 exf5 32. hxg4 fxg4 33. Ke2 Rdh8 34. Re1 Rg6 35.
Kd2 Rhh6 36. Kc2 Bd7 37. Ne2 Bf5+ 38. Kb2 Be4 39. Rac1 Nd8 40. Ng1 Nc6 41. f3
gxf3 42. Nxf3 Rh3 43. Nd2 Rh2 44. Re2 Rxe2 45. Qxe2 Bf5 46. g4 Be6 47. Kb3 Qd7
48. Rg1 Nd8 49. Qf3 Nf7 50. Ka3 Nh6 51. Qf8+ Kc7 52. Qc5+ Kb8 53. Qf8+ Qc8 54.
Qd6+ Ka8 55. Kb3 Qe8 0-1

[Event "Challenge"]
[Site "http://www.queenalice.com/game.php?id=141387"]
[Date "2006.12.14"]
[Round "-"]
[White "occult"]
[Black "Teltz"]
[Result "0-1"]
[WhiteElo "1580"]
[BlackElo "1705"]

1. e4 d6 2. d4 e6 3. Nf3 h6 4. Bc4 Nd7 5. d5 Nb6 6. Bb3 e5 7. Nc3 Nf6 8. O-O Bg4
9. Be3 Be7 10. h3 Bh5 11. Na4 Nxe4 12. Nxb6 axb6 13. c4 Bg5 14. Qd3 Bg6 15. Qe2
O-O 16. Bc2 Bxe3 17. Qxe3 Nc5 18. Bxg6 fxg6 19. b3 Rf5 20. Nd2 Qh4 0-1

[Event "Nov.I"]
[Site "http://www.queenalice.com/game.php?id=297771"]
[Date "2007.11.4"]
[Round "-"]
[White "occult"]
[Black "Andre251"]
[Result "1-0"]
[WhiteElo "1549"]
[BlackElo "1595"]

1. e4 e5 2. Nf3 Nc6 3. Bb5 Qf6 4. O-O Nh6 5. Bxc6 bxc6 6. d4 d6 7. c3 Be7 8. Qd3
O-O 9. Be3 exd4 10. cxd4 Qg6 11. Bxh6 Qxh6 12. Nbd2 Bd7 13. Rac1 d5 14. e5 Rae8
15. Rfe1 f6 16. e6 Bxe6 17. Rxe6 Bd6 18. Rxe8 Rxe8 19. h3 Qh5 20. Nf1 h6 21. Ng3
Bxg3 22. fxg3 Qf7 23. Re1 Rb8 24. b3 a5 25. g4 Rb4 26. a3 Rb6 27. Rf1 c5 28.
dxc5 Rc6 29. Ne5 Qe8 30. Nxc6 Qxc6 31. b4 axb4 32. axb4 Qa4 33. Qxd5+ Kh7 34.
Qf7 Qxb4 35. Rxf6 Qxc5+ 36. Rf2 Qc1+ 37. Kh2 Qe3 38. Qf3 Qe5+ 39. g3 1-0

[Event "SUSAN-I-r1-g5"]
[Site "http://www.queenalice.com/game.php?id=299432"]
[Date "2007.11.6"]
[Round "-"]
[White "Cowdog"]
[Black "occult"]
[Result "0-1"]
[WhiteElo "1205"]
[BlackElo "1547"]

1. e4 c5 2. Nf3 d6 3. Bb5+ Bd7 4. Bxd7+ Nxd7 5. d4 cxd4 6. Qxd4 Ngf6 7. Nc3 Qb6
8. Be3 Qxd4 9. Nxd4 a6 10. O-O e5 11. Nf3 Be7 12. h3 O-O 13. Rad1 b5 14. Nd5
Nxd5 15. Rxd5 Nf6 16. Rd3 Nxe4 17. Nd2 Nxd2 18. Bxd2 a5 19. Rd5 Rfb8 20. Rd1 f5
21. g3 Kf7 22. f4 Ke6 23. Be3 e4 24. Kg2 b4 25. b3 a4 26. R1d4 axb3 27. axb3 Ra2
28. Rd2 Rc8 29. c4 bxc3 30. Rxa2 Kxd5 31. Bc1 Kd4 32. Kf2 Kd3 33. Re2 Rb8 0-1

[Event "SUSAN-I-r1-g11"]
[Site "http://www.queenalice.com/game.php?id=299433"]
[Date "2007.11.6"]
[Round "-"]
[White "FeralPawn"]
[Black "occult"]
[Result "1-0"]
[WhiteElo "1657"]
[BlackElo "1520"]

1. e4 c5 2. b4 cxb4 3. a3 bxa3 4. Bxa3 e6 5. Bxf8 Kxf8 6. Nf3 Ne7 7. d4 d5 8. e5
Qb6 9. Nbd2 Qb4 10. Rb1 Qc3 11. Rb3 Qa5 12. Rb5 Qc7 13. Bd3 Bd7 14. Rc5 Nbc6 15.
O-O b6 16. Rc3 a6 17. Ng5 h6 18. Qh5 g6 19. Qh3 Kg7 20. Ngf3 Qb7 21. Nh4 Nxd4
22. Nhf3 Ndf5 23. g4 Rag8 24. gxf5 gxf5 25. Kh1 Kf8 26. Qh4 b5 27. Nb3 Ke8 28.
Be2 Ng6 29. Qb4 Ne7 30. Nc5 Qa7 31. Nxd7 Kxd7 32. Qd6+ 1-0

[Event "SUSAN-I-r2-g11"]
[Site "http://www.queenalice.com/game.php?id=341573"]
[Date "2008.1.23"]
[Round "-"]
[White "occult"]
[Black "FeralPawn"]
[Result "1-0"]
[WhiteElo "1523"]
[BlackElo "1726"]

1. e4 d5 2. exd5 Nf6 3. d4 Bg4 4. f3 Bf5 5. Bb5+ Nbd7 6. c4 e6 7. dxe6 fxe6 8.
Ne2 a6 9. Ba4 c5 10. O-O Bd6 11. Be3 O-O 12. Bxd7 Qxd7 13. dxc5 Bxh2+ 14. Kxh2
Qf7 15. Ng3 Rad8 16. Qc1 Bd3 17. Rd1 Nh5 18. Nxh5 Qxh5+ 19. Kg1 Be2 20. Rxd8
Rxd8 21. Nd2 Qg6 22. Kf2 Bd3 23. Qh1 e5 24. Qh4 Rf8 25. Qg3 Qh5 26. Kg1 Rf6 27.
Qh3 Qg6 28. Qc8+ Rf8 29. Qxb7 Bf5 30. Qd5+ Be6 31. Qxe5 Re8 32. Qg5 Qf7 33. Bd4
h6 34. Qg3 Rd8 35. Bc3 Rc8 36. Ne4 Qa7 37. b4 Bxc4 38. Nd6 1-0

[Event "SUSAN-I-r2-g27"]
[Site "http://www.queenalice.com/game.php?id=341861"]
[Date "2008.1.24"]
[Round "-"]
[White "Miki"]
[Black "occult"]
[Result "0-1"]
[WhiteElo "1351"]
[BlackElo "1509"]

1. e4 c5 2. Nf3 d6 3. d4 cxd4 4. Nxd4 Nf6 5. Nc3 a6 6. Be3 e6 7. g4 h6 8. f4 e5
9. fxe5 dxe5 10. Nf3 Qxd1+ 11. Rxd1 Nxg4 12. Bc5 Bxc5 13. Nd5 O-O 14. Rg1 Bf2+
0-1